[Event "WchT Blitz Pool B"]
[Site "London"]
[Date "2025.06.14"]
[Round "8.2"]
[White "Murzin, Volodar"]
[Black "Dishman, Stephen"]
[Result "1-0"]
[WhiteElo "2666"]
[BlackElo "2274"]
[PlyCount "91"]
[EventDate "2025.06.14"]
[EventType "team-tourn"]
[EventRounds "13"]
[EventCountry "ENG"]
[SourceTitle "CB25_2025"]
[SourceDate "2025.06.18"]
[SourceVersion "1"]
[SourceVersionDate "2025.06.18"]
[SourceQuality "1"]
[WhiteTeam "Hexamind Team"]
[BlackTeam "Sassy Seniors"]
[WhiteTeamCountry "USA"]
[BlackTeamCountry "ENG"]

1. d4 d5 2. Nf3 Nf6 3. Bf4 e6 4. e3 c5 5. Nbd2 Nc6 6. c3 Nh5 7. Bg5 f6 8. Bh4 g6 9. a3 cxd4 10. cxd4 Be7 11. Bd3 0-0 12. 0-0 Bd7 13. Rc1 Qb6 14. b4 a5 15. b5 Nd8 16. a4 Nf7 17. Nb3 Rfc8 18. Qd2 Bb4 19. Qb2 g5 20. Bg3 Nxg3 21. hxg3 g4 22. Nh2 f5 23. Rxc8+ Rxc8 24. Rc1 Rc7 25. Nf1 Nd6 26. Nc5 Ne4 27. Bxe4 dxe4 28. Nxd7 Rxd7 29. Rc8+ Rd8 30. Rc4 Qd6 31. Qc2 Rd7 32. Rc8+ Kg7 33. Qc4 Kf7 34. Rh8 Kg7 35. Qc8 Qe7 36. Qg8+ Kh6 37. Qb8 Rc7 38. Re8 Qd7 39. Rxe6+ Qxe6 40. Qxc7 Qb3 41. Qb6+ Kg5 42. Qxb7 Be1 43. Qg7+ Kh5 44. Qxh7+ Kg5 45. Qg7+ Kh5 46. Qf6 1-0

[Event "WchT Blitz Pool B"]
[Site "London"]
[Date "2025.06.14"]
[Round "6.1"]
[White "Rakotomaharo, Fy Antenaina"]
[Black "Murzin, Volodar"]
[Result "0-1"]
[WhiteElo "2441"]
[BlackElo "2666"]
[PlyCount "126"]
[EventDate "2025.06.14"]
[EventType "team-tourn"]
[EventRounds "13"]
[EventCountry "ENG"]
[SourceTitle "CB25_2025"]
[SourceDate "2025.06.18"]
[SourceVersion "1"]
[SourceVersionDate "2025.06.18"]
[SourceQuality "1"]
[WhiteTeam "Mother Continent"]
[BlackTeam "Hexamind Team"]
[WhiteTeamCountry "RSA"]
[BlackTeamCountry "USA"]

1. e4 e5 2. Nf3 Nc6 3. Bc4 Nf6 4. d3 Be7 5. 0-0 0-0 6. Nc3 d6 7. a3 Be6 8. Nd5 h6 9. Re1 Re8 10. c3 Bf8 11. Nxf6+ Qxf6 12. Bxe6 Qxe6 13. d4 Ne7 14. dxe5 dxe5 15. Be3 Nc8 16. Qc2 Nd6 17. Rad1 Qc4 18. Bc1 c6 19. a4 a5 20. b3 Qe6 21. Ba3 Rad8 22. Bc5 Nc8 23. Bxf8 Kxf8 24. Nd2 Nd6 25. Nf1 Rd7 26. Rd2 Red8 27. Red1 Ne8 28. Rxd7 Rxd7 29. Ne3 Nd6 30. h3 h5 31. Rd3 g6 32. Qd1 Ke8 33. Qc2 Kd8 34. c4 Ne8 35. c5 Nf6 36. Nc4 Rd4 37. Nxe5 Rxd3 38. Qxd3+ Kc8 39. Nc4 Nd7 40. Qd4 Qe7 41. Nxa5 Qxc5 42. Qxc5 Nxc5 43. f3 Kc7 44. Kf2 f6 45. Ke3 b6 46. Nc4 Nxb3 47. f4 Nc5 48. Nb2 b5 49. axb5 cxb5 50. g4 h4 51. e5 f5 52. gxf5 gxf5 53. Nd3 Ne6 54. Kd2 Kc6 55. Ke3 Kd5 56. Nb4+ Kc4 57. Nc6 b4 58. Ne7 b3 59. Kd2 Nd4 60. Kc1 Kc3 61. e6 b2+ 62. Kb1 Nf3 63. Ka2 Kc2 0-1

[Event "WchT Blitz Pool B"]
[Site "London"]
[Date "2025.06.14"]
[Round "12.2"]
[White "Vitiugov, Nikita"]
[Black "Murzin, Volodar"]
[Result "1/2-1/2"]
[WhiteElo "2671"]
[BlackElo "2666"]
[PlyCount "49"]
[EventDate "2025.06.14"]
[EventType "team-tourn"]
[EventRounds "13"]
[EventCountry "ENG"]
[SourceTitle "CB25_2025"]
[SourceDate "2025.06.18"]
[SourceVersion "1"]
[SourceVersionDate "2025.06.18"]
[SourceQuality "1"]
[WhiteTeam "Malcolm's Mates"]
[BlackTeam "Hexamind Team"]
[WhiteTeamCountry "ENG"]
[BlackTeamCountry "USA"]

1. e4 e5 2. Nf3 Nc6 3. Bb5 Nf6 4. d3 Ne7 5. 0-0 c6 6. Bc4 Ng6 7. Re1 Be7 8. Bb3 0-0 9. h3 d6 10. c3 Nh5 11. d4 Nf6 12. Nbd2 h6 13. Nf1 Nh7 14. Ng3 Ng5 15. Nxg5 Bxg5 16. Be3 Bxe3 17. Rxe3 Qg5 18. Qh5 Nf4 19. Qxg5 hxg5 20. Rd1 g6 21. Ne2 Kg7 22. dxe5 dxe5 23. Nxf4 gxf4 24. Red3 Kf6 25. a4 1/2-1/2

[Event "FRA-chT Top 16 Haute"]
[Site "Belfort"]
[Date "2025.05.29"]
[Round "1.2"]
[White "Murzin, Volodar"]
[Black "Harikrishna, Pentala"]
[Result "1/2-1/2"]
[WhiteElo "2658"]
[BlackElo "2707"]
[PlyCount "66"]
[EventDate "2025.05.29"]
[EventType "team-tourn"]
[EventRounds "4"]
[EventCountry "FRA"]
[SourceTitle "CB23_2025"]
[SourceDate "2025.06.04"]
[SourceVersion "1"]
[SourceVersionDate "2025.06.04"]
[SourceQuality "1"]
[WhiteTeam "Tremblay en France"]
[BlackTeam "Asnieres"]
[WhiteTeamCountry "FRA"]
[BlackTeamCountry "FRA"]

1. d4 Nf6 2. c4 e6 3. Nf3 d5 4. g3 Be7 5. Bg2 0-0 6. 0-0 dxc4 7. Qc2 a6 8. a4 Bd7 9. Qxc4 Bc6 10. Bg5 Bd5 11. Qc2 Be4 12. Qc1 Nc6 13. e3 Bb4 14. Nc3 Bxc3 15. bxc3 h6 16. Bxf6 Qxf6 17. Nd2 Bxg2 18. Kxg2 Na5 19. Qb1 Qd8 20. Qe4 Qd5 21. Rfb1 Qxe4+ 22. Nxe4 Rfe8 23. Nc5 b6 24. Nd3 Nc6 25. f4 f6 26. e4 Na5 27. Rb4 Rad8 28. Ra2 Rd6 29. e5 Rd7 30. Re2 Nc6 31. Rc4 Na5 32. Rb4 Nc6 33. Rc4 Na5 1/2-1/2

[Event "FRA-chT Top 16 GpA"]
[Site "Belfort"]
[Date "2025.05.28"]
[Round "7.10"]
[White "Murzin, Volodar"]
[Black "Postny, Evgeny"]
[Result "1-0"]
[WhiteElo "2658"]
[BlackElo "2525"]
[PlyCount "107"]
[EventDate "2025.05.22"]
[EventType "team-tourn"]
[EventRounds "7"]
[EventCountry "FRA"]
[SourceTitle "CB22_2025"]
[SourceDate "2025.05.28"]
[SourceVersion "1"]
[SourceVersionDate "2025.05.28"]
[SourceQuality "1"]
[WhiteTeam "Tremblay en France"]
[BlackTeam "Metz Fischer"]
[WhiteTeamCountry "FRA"]
[BlackTeamCountry "FRA"]

1. Nf3 d5 2. g3 c6 3. Bg2 Bg4 4. 0-0 Nd7 5. h3 Bxf3 6. Bxf3 Ngf6 7. d3 e6 8. Bg2 Bc5 9. e4 dxe4 10. dxe4 0-0 11. Nd2 Qc7 12. Kh1 e5 13. a4 Rfe8 14. Qe2 Bf8 15. Nc4 Nc5 16. Bd2 Ne6 17. Ba5 b6 18. Bc3 Nd7 19. Rad1 Rad8 20. h4 b5 21. axb5 cxb5 22. Ne3 b4 23. Nd5 Qb8 24. Bd2 Nb6 25. Be3 Nxd5 26. Rxd5 Rxd5 27. exd5 Nc5 28. Ra1 Qb6 29. Qc4 Bd6 30. c3 b3 31. Bf1 Rb8 32. Qb4 Kf8 33. Qa5 Rb7 34. Qxb6 axb6 35. Bb5 Ke7 36. Kg2 h6 37. g4 Nd7 38. Bc6 Rc7 39. Bxd7 Kxd7 40. Bxb6 Rc4 41. Kh3 f5 42. gxf5 Be7 43. h5 Kd6 44. Ra5 Bg5 45. Rb5 Bc1 46. Rxb3 Kxd5 47. Be3 Bxe3 48. fxe3 Re4 49. Kg2 Rh4 50. Rb5+ Kd6 51. b4 Rxh5 52. e4 Rg5+ 53. Kf2 h5 54. Rb6+ 1-0

[Event "FRA-chT Top 16 GpA"]
[Site "Belfort"]
[Date "2025.05.27"]
[Round "6.17"]
[White "Murzin, Volodar"]
[Black "Harutyunyan, Safar"]
[Result "1-0"]
[WhiteElo "2658"]
[BlackElo "2258"]
[PlyCount "73"]
[EventDate "2025.05.22"]
[EventType "team-tourn"]
[EventRounds "7"]
[EventCountry "FRA"]
[SourceTitle "CB22_2025"]
[SourceDate "2025.05.28"]
[SourceVersion "1"]
[SourceVersionDate "2025.05.28"]
[SourceQuality "1"]
[WhiteTeam "Tremblay en France"]
[BlackTeam "Le Mans"]
[WhiteTeamCountry "FRA"]
[BlackTeamCountry "FRA"]

1. e4 e6 2. d3 d5 3. Nd2 Nc6 4. Ngf3 g5 5. h3 Qf6 6. Qe2 Nge7 7. Nb3 h6 8. g3 Bg7 9. Bg2 Qg6 10. Nfd2 a5 11. a4 Nb4 12. Nf1 dxe4 13. Bxe4 f5 14. Bg2 c6 15. Ne3 0-0 16. Nc4 f4 17. Be4 f3 18. Qd1 Qf6 19. Nbd2 Ned5 20. c3 Na6 21. Qxf3 Qd8 22. Qe2 Nc5 23. 0-0 Nf6 24. Bg2 Qxd3 25. Qxd3 Nxd3 26. Nb3 Nd5 27. Ncxa5 Nxc3 28. bxc3 Bxc3 29. Ba3 Bxa1 30. Bxf8 Bc3 31. Rd1 Bxa5 32. Rxd3 Kxf8 33. Nxa5 Rxa5 34. Rd8+ Ke7 35. Rxc8 Kd6 36. Rd8+ Kc5 37. Rd7 1-0

[Event "FRA-chT Top 16 GpA"]
[Site "Belfort"]
[Date "2025.05.24"]
[Round "3.1"]
[White "Narayanan, Sunilduth Lyna"]
[Black "Murzin, Volodar"]
[Result "1/2-1/2"]
[WhiteElo "2598"]
[BlackElo "2658"]
[PlyCount "53"]
[EventDate "2025.05.22"]
[EventType "team-tourn"]
[EventRounds "7"]
[EventCountry "FRA"]
[SourceTitle "CB22_2025"]
[SourceDate "2025.05.28"]
[SourceVersion "1"]
[SourceVersionDate "2025.05.28"]
[SourceQuality "1"]
[WhiteTeam "Mulhouse Philidor"]
[BlackTeam "Tremblay en France"]
[WhiteTeamCountry "FRA"]
[BlackTeamCountry "FRA"]

1. c4 c6 2. d4 d5 3. Nf3 Nf6 4. Nc3 e6 5. Bg5 h6 6. Bh4 Be7 7. e3 0-0 8. Qc2 Nbd7 9. a3 b6 10. cxd5 cxd5 11. Bd3 Bb7 12. 0-0 Rc8 13. Nd2 Nh5 14. Bxe7 Qxe7 15. Qa4 a6 16. Rfc1 Nhf6 17. Qb4 Rfe8 18. Na4 Qxb4 19. axb4 Rxc1+ 20. Rxc1 Rc8 21. Rxc8+ Bxc8 22. b5 axb5 23. Bxb5 Kf8 24. Nf3 Ke7 25. Kf1 Kd6 26. Ke1 Kc7 27. Nc3 1/2-1/2

[Event "Chess.com Classic Play In"]
[Site "Chess.com INT"]
[Date "2025.05.19"]
[Round "6"]
[White "Dubov, Daniil"]
[Black "Murzin, Volodar"]
[Result "1-0"]
[WhiteElo "2693"]
[BlackElo "2658"]
[PlyCount "73"]
[EventDate "2025.05.19"]
[EventType "swiss (blitz)"]
[EventRounds "9"]
[EventCountry "USA"]
[SourceTitle "CB21_2025"]
[SourceDate "2025.05.21"]
[SourceVersion "1"]
[SourceVersionDate "2025.05.21"]
[SourceQuality "1"]

1. d4 Nf6 2. c4 e6 3. Nf3 h6 4. g3 Bb4+ 5. Nbd2 0-0 6. Bg2 d5 7. 0-0 a5 8. Qc2 a4 9. Rd1 Nc6 10. Nb1 Bd7 11. Ne5 Bd6 12. Bf4 Ra6 13. Qc1 Be8 14. Nc3 Ne7 15. e4 dxc4 16. Nxc4 Bxf4 17. Qxf4 Ng6 18. Qc1 Bc6 19. a3 Qe7 20. Qc2 Rd8 21. Rac1 Raa8 22. Ne3 e5 23. Ncd5 Bxd5 24. exd5 exd4 25. Rxd4 c6 26. Rcd1 cxd5 27. Nxd5 Nxd5 28. Bxd5 Ne5 29. Kg2 Ra5 30. Qe4 Kh8 31. f4 Ng6 32. Qxe7 Nxe7 33. Bxb7 Rxd4 34. Rxd4 g5 35. Kf3 Nf5 36. Rb4 Kg7 37. Bc6 1-0

[Event "Chess.com Classic Play In"]
[Site "Chess.com INT"]
[Date "2025.05.19"]
[Round "2"]
[White "Navara, David"]
[Black "Murzin, Volodar"]
[Result "0-1"]
[WhiteElo "2657"]
[BlackElo "2658"]
[PlyCount "82"]
[EventDate "2025.05.19"]
[EventType "swiss (blitz)"]
[EventRounds "9"]
[EventCountry "USA"]
[SourceTitle "CB21_2025"]
[SourceDate "2025.05.21"]
[SourceVersion "1"]
[SourceVersionDate "2025.05.21"]
[SourceQuality "1"]

1. e4 e5 2. Nf3 Nc6 3. Bb5 Nf6 4. d3 Ne7 5. Nc3 c6 6. Bc4 d6 7. d4 exd4 8. Qxd4 Ng6 9. Ng5 Ne5 10. Bb3 h6 11. f4 hxg5 12. fxe5 Ng4 13. exd6 Qxd6 14. Qxd6 Bxd6 15. Bxg5 f6 16. Bd2 Bg3+ 17. Ke2 Nxh2 18. Ke3 Bc7 19. Rae1 Bd7 20. Ke2 0-0-0 21. Kd1 Ng4 22. Kc1 Bg3 23. Reg1 Nf2 24. Rxh8 Rxh8 25. Bf7 Ng4 26. Bg6 Bf2 27. Rf1 Rh2 28. Ne2 Rxg2 29. Nf4 Rh2 30. Nh5 Be3 31. Bxe3 Nxe3 32. Rg1 Rxc2+ 33. Kb1 Rf2 34. Nxg7 Nc4 35. b3 Nd2+ 36. Ka1 Nf3 37. Rd1 Rg2 38. Nf5 Kc7 39. Bh5 Ne5 40. Ne3 Rh2 41. Bg6 Nxg6 0-1

[Event "Capablanca Memorial Elite 58th"]
[Site "Havana"]
[Date "2025.05.12"]
[Round "3"]
[White "Murzin, Volodar"]
[Black "Romanov, Evgeny"]
[Result "1-0"]
[WhiteElo "2658"]
[BlackElo "2599"]
[PlyCount "151"]
[EventDate "2025.05.10"]
[EventType "tourn"]
[EventRounds "10"]
[EventCountry "CUB"]
[EventCategory "15"]
[SourceTitle "CB21_2025"]
[SourceDate "2025.05.21"]
[SourceVersion "1"]
[SourceVersionDate "2025.05.21"]
[SourceQuality "1"]

1. e4 e6 2. d4 d5 3. Nc3 Nf6 4. e5 Nfd7 5. f4 c5 6. Nf3 Nc6 7. Be3 Be7 8. Qd2 a6 9. Be2 b5 10. a3 0-0 11. 0-0 Bb7 12. dxc5 Bxc5 13. Rad1 Qb6 14. Bxc5 Nxc5 15. Qe3 Na4 16. Qxb6 Nxb6 17. Na2 Rac8 18. Bd3 Na4 19. Rb1 Nc5 20. Nb4 Na5 21. Nd4 Nc4 22. Rfe1 Rfd8 23. Be2 h6 24. Nd3 Ne4 25. Bg4 Rb8 26. Ra1 g6 27. Bd1 Re8 28. c3 Rec8 29. a4 bxa4 30. Bxa4 a5 31. Bb5 Ba8 32. Ra2 Rc7 33. Bxc4 dxc4 34. Nf2 Nxf2 35. Kxf2 Bd5 36. g4 Kg7 37. Kg3 f6 38. Rxa5 Rb6 39. exf6+ Kxf6 40. Re2 Rcb7 41. Ra2 g5 42. f5 exf5 43. Nxf5 h5 44. Rf2 Kg6 45. gxh5+ Kxh5 46. Ne3 Bf7 47. Ra5 Re7 48. Ng4 Rd6 49. Ne5 Rd5 50. Rxd5 Bxd5 51. Ng4 Be6 52. Re2 Kg6 53. Re5 Re8 54. Re4 Re7 55. Ne3 Kf6 56. Ng4+ Kg6 57. Re2 Kg7 58. Nf2 Kg6 59. Re5 Kf6 60. Rc5 Rb7 61. Ne4+ Ke7 62. Re5 Rxb2 63. Nxg5 Kf6 64. Rxe6+ Kxg5 65. h4+ Kf5 66. Rc6 Rb8 67. Rxc4 Rg8+ 68. Kf3 Ke5 69. Re4+ Kd5 70. c4+ Kc5 71. h5 Rh8 72. Kg4 Rg8+ 73. Kh4 Rh8 74. Kg5 Rg8+ 75. Kf6 Rh8 76. Rh4 1-0

[Event "Menorca op-A 4th"]
[Site "Ciutadella"]
[Date "2025.04.26"]
[Round "7"]
[White "Murzin, Volodar"]
[Black "Balakrishnan, Praveen"]
[Result "1/2-1/2"]
[WhiteElo "2658"]
[BlackElo "2489"]
[PlyCount "104"]
[EventDate "2025.04.22"]
[EventType "swiss"]
[EventRounds "9"]
[EventCountry "ESP"]
[SourceTitle "CB18_2025"]
[SourceDate "2025.04.30"]
[SourceVersion "1"]
[SourceVersionDate "2025.04.30"]
[SourceQuality "1"]

1. e4 e5 2. Nf3 Nc6 3. Bc4 Nf6 4. d3 Be7 5. 0-0 0-0 6. Re1 d6 7. a4 Be6 8. Nbd2 a5 9. h3 h6 10. b3 Nd7 11. Bb2 Bg5 12. Bb5 Na7 13. Bxd7 Bxd7 14. d4 exd4 15. Nxg5 Qxg5 16. Nf3 Qg6 17. Qxd4 Nc6 18. Qc3 f6 19. Re3 Rae8 20. Rae1 Re7 21. Nd2 Qf7 22. Nf1 Rfe8 23. Qd2 b6 24. c4 Ne5 25. Ng3 Ng6 26. Nh5 Bc6 27. f3 Bb7 28. Qf2 Ne5 29. Ng3 Bc8 30. f4 Ng6 31. Nh5 Nf8 32. Qe2 Bf5 33. Rg3 Bg6 34. Nxf6+ gxf6 35. f5 Kh7 36. fxg6+ Nxg6 37. Qh5 f5 38. Rf1 f4 39. Rg4 Rxe4 40. Kh2 R8e5 41. Bxe5 Rxe5 42. Qxg6+ Qxg6 43. Rxg6 Kxg6 44. Rxf4 Re3 45. Rg4+ Kf5 46. Rg7 Rxb3 47. Rxc7 Rb4 48. g4+ Ke5 49. Re7+ Kf4 50. Rf7+ Kg5 51. Rf5+ Kg6 52. Rd5 Rxc4 1/2-1/2

[Event "Menorca op-A 4th"]
[Site "Ciutadella"]
[Date "2025.04.26"]
[Round "8"]
[White "Royal, Shreyas"]
[Black "Murzin, Volodar"]
[Result "1/2-1/2"]
[WhiteElo "2465"]
[BlackElo "2658"]
[PlyCount "108"]
[EventDate "2025.04.22"]
[EventType "swiss"]
[EventRounds "9"]
[EventCountry "ESP"]
[SourceTitle "CB18_2025"]
[SourceDate "2025.04.30"]
[SourceVersion "1"]
[SourceVersionDate "2025.04.30"]
[SourceQuality "1"]

1. d4 Nf6 2. c4 e6 3. Nc3 Bb4 4. f3 c5 5. d5 d6 6. e4 exd5 7. cxd5 Nbd7 8. Nh3 a6 9. a4 0-0 10. Be2 Ne5 11. Nf2 Bd7 12. 0-0 Re8 13. Qc2 Rc8 14. Bg5 c4 15. Kh1 h6 16. Be3 b5 17. axb5 axb5 18. Qd2 Qe7 19. Bd4 Ng6 20. Ra7 Nf8 21. Rfa1 Bc5 22. Bxc5 Rxc5 23. Bf1 Rec8 24. Ne2 Qe5 25. Rb7 R5c7 26. Rb6 Rc5 27. g3 Qe7 28. Bg2 Ne8 29. f4 Qd8 30. Rba6 b4 31. Qxb4 Rb8 32. Qd2 Rcb5 33. Nd1 Rb3 34. Nec3 Bg4 35. Qd4 Bxd1 36. Nxd1 Nd7 37. Qxc4 Nc5 38. Ra7 R3b4 39. Qe2 Nf6 40. e5 dxe5 41. Qxe5 Nd3 42. Qe7 Qxe7 43. Rxe7 Nxb2 44. Nxb2 Rxb2 45. Rd1 Kf8 46. d6 Rb1 47. Ree1 Rxd1 48. Rxd1 Rd8 49. Bc6 Ne8 50. d7 Nf6 51. Kg2 Ke7 52. Re1+ Kf8 53. Rd1 Ke7 54. Re1+ Kf8 1/2-1/2

[Event "Menorca op-A 4th"]
[Site "Ciutadella"]
[Date "2025.04.23"]
[Round "3"]
[White "Murzin, Volodar"]
[Black "Jain, Kashish Manoj"]
[Result "1-0"]
[WhiteElo "2658"]
[BlackElo "2459"]
[PlyCount "59"]
[EventDate "2025.04.22"]
[EventType "swiss"]
[EventRounds "9"]
[EventCountry "ESP"]
[SourceTitle "CB18_2025"]
[SourceDate "2025.04.30"]
[SourceVersion "1"]
[SourceVersionDate "2025.04.30"]
[SourceQuality "1"]

1. e4 c5 2. Nf3 Nc6 3. Bb5 g6 4. Bxc6 bxc6 5. 0-0 Bg7 6. Re1 Nh6 7. c3 0-0 8. h3 d5 9. d3 c4 10. e5 cxd3 11. Qxd3 f6 12. exf6 exf6 13. Be3 Re8 14. Nbd2 a5 15. Bc5 Bf5 16. Qd4 Qd7 17. Rxe8+ Rxe8 18. Re1 Rxe1+ 19. Nxe1 Qe8 20. Nef3 Nf7 21. Qa4 h5 22. Qxa5 Bh6 23. Nf1 Bc1 24. Be3 Bxb2 25. Qb4 Ba1 26. a4 c5 27. Bxc5 Ne5 28. Nxe5 Qxe5 29. Bd4 Qe1 30. Qd6 1-0

[Event "San Vicente op 9th"]
[Site "San Vicente"]
[Date "2025.04.20"]
[Round "7"]
[White "Murzin, Volodar"]
[Black "Tanriverdi, Enes"]
[Result "1-0"]
[WhiteElo "2658"]
[BlackElo "2388"]
[PlyCount "93"]
[EventDate "2025.04.16"]
[EventType "swiss"]
[EventRounds "9"]
[EventCountry "ESP"]
[SourceTitle "CB17_2025"]
[SourceDate "2025.04.23"]
[SourceVersion "1"]
[SourceVersionDate "2025.04.23"]
[SourceQuality "1"]

1. e4 e5 2. Nf3 Nc6 3. Bc4 Nf6 4. d3 Be7 5. 0-0 0-0 6. Re1 d6 7. a4 Be6 8. Bxe6 fxe6 9. Nbd2 a5 10. Nf1 Qd7 11. Ng3 Rae8 12. c3 d5 13. Qb3 Bc5 14. h3 Kh8 15. Be3 d4 16. cxd4 exd4 17. Bd2 b6 18. Qb5 e5 19. Rec1 Nb4 20. Bxb4 Bxb4 21. Rc6 Bd6 22. Nf5 Nh5 23. Rxb6 Qf7 24. Rb7 Qg6 25. Kh2 Nf4 26. Rg1 Ne2 27. Rf1 Nf4 28. g3 Qh5 29. Ng1 Ne6 30. Nxd6 cxd6 31. Rb6 Qg5 32. Rxd6 Qd2 33. Kg2 Rb8 34. Rb6 Rbe8 35. Nf3 Qe2 36. Ng1 Qd2 37. h4 Re7 38. Rb8 Ref7 39. Rxf8+ Nxf8 40. Nf3 Qe2 41. Nxe5 Rf6 42. Qb8 h6 43. Ng6+ Rxg6 44. Qxf8+ Kh7 45. Qf5 h5 46. Rc1 Kh6 47. Rc8 1-0

[Event "San Vicente op 9th"]
[Site "San Vicente"]
[Date "2025.04.18"]
[Round "5"]
[White "Murzin, Volodar"]
[Black "Ilinca Ilinca, Felix Antonio"]
[Result "1-0"]
[WhiteElo "2658"]
[BlackElo "2397"]
[PlyCount "104"]
[EventDate "2025.04.16"]
[EventType "swiss"]
[EventRounds "9"]
[EventCountry "ESP"]
[SourceTitle "CB17_2025"]
[SourceDate "2025.04.23"]
[SourceVersion "1"]
[SourceVersionDate "2025.04.23"]
[SourceQuality "1"]

1. e4 g6 2. d4 Bg7 3. Nc3 d6 4. Be3 a6 5. Nf3 b5 6. Bd3 Bb7 7. a4 b4 8. Ne2 Nf6 9. Ng3 Nbd7 10. a5 e5 11. dxe5 dxe5 12. 0-0 0-0 13. Qd2 Qe7 14. Rfd1 Rfd8 15. h3 Nf8 16. Qe1 h6 17. c3 b3 18. Ra3 c5 19. Qf1 Rac8 20. Nd2 Ne6 21. Rxb3 Nf4 22. Bxa6 Bxa6 23. Qxa6 Ra8 24. Qb5 h5 25. Ra1 h4 26. Ngf1 Qe6 27. Bxf4 exf4 28. Qc4 Qc6 29. Rb5 Rdc8 30. a6 Rxa6 31. Rxc5 Qxc5 32. Qxc5 Rxc5 33. Rxa6 Nd7 34. Nh2 Rb5 35. Ra8+ Kh7 36. Ra2 Nc5 37. Nhf3 Nd3 38. Nc4 g5 39. Kf1 Kg6 40. b4 Rb8 41. Rd2 Rc8 42. Rxd3 Rxc4 43. e5 Kf5 44. b5 Rc5 45. b6 Bxe5 46. Nxe5 Kxe5 47. b7 Rb5 48. Rd7 Ke6 49. Rc7 Rb2 50. c4 f5 51. c5 g4 52. Rc6+ Kd5 1-0

[Event "Titled Tuesday intern op 01st Apr Early"]
[Site "Chess.com INT"]
[Date "2025.04.01"]
[Round "7"]
[White "Beerdsen, Thomas"]
[Black "Murzin, Volodar"]
[Result "0-1"]
[WhiteElo "2510"]
[BlackElo "2658"]
[PlyCount "46"]
[EventDate "2025.04.01"]
[EventType "swiss (blitz)"]
[EventRounds "11"]
[EventCountry "USA"]
[SourceTitle "CB15_2025"]
[SourceDate "2025.04.09"]
[SourceVersion "1"]
[SourceVersionDate "2025.04.09"]
[SourceQuality "1"]

1. e4 e5 2. Nc3 Nc6 3. Bc4 Nf6 4. d3 Bc5 5. f4 d6 6. Nf3 0-0 7. f5 Na5 8. Bg5 Nxc4 9. dxc4 Bb4 10. Bxf6 Bxc3+ 11. bxc3 Qxf6 12. g4 Qh6 13. g5 Qh5 14. Qd3 Bxf5 15. exf5 e4 16. Qe3 exf3 17. 0-0-0 Rfe8 18. Qf4 Re5 19. h4 Rae8 20. c5 Re4 21. cxd6 Rxf4 22. d7 Rd8 23. Rhe1 Kf8 0-1

[Event "Titled Tuesday intern op 01st Apr Early"]
[Site "Chess.com INT"]
[Date "2025.04.01"]
[Round "4"]
[White "Domingo Nunez, Ruben"]
[Black "Murzin, Volodar"]
[Result "0-1"]
[WhiteElo "2414"]
[BlackElo "2658"]
[PlyCount "74"]
[EventDate "2025.04.01"]
[EventType "swiss (blitz)"]
[EventRounds "11"]
[EventCountry "USA"]
[SourceTitle "CB15_2025"]
[SourceDate "2025.04.09"]
[SourceVersion "1"]
[SourceVersionDate "2025.04.09"]
[SourceQuality "1"]

1. c4 e5 2. g3 f5 3. Bg2 Nf6 4. Nc3 Nc6 5. d3 Bb4 6. Bd2 d6 7. a3 Bxc3 8. Bxc3 0-0 9. b4 Ne7 10. Nf3 Ng6 11. Qb3 h6 12. c5+ Kh8 13. cxd6 cxd6 14. Rc1 Qe7 15. Bb2 Be6 16. Qa4 Bd5 17. 0-0 a6 18. Qa5 Bc6 19. Rc2 Nd5 20. b5 axb5 21. Qd2 Ra4 22. Rfc1 Qd7 23. Bh3 Qe8 24. Bg2 Rg4 25. Qe1 Ngf4 26. Bf1 Ne6 27. Bg2 Ndf4 28. Bf1 Nxd3 29. exd3 Bxf3 30. Rc8 Qxc8 31. Rxc8 Rxc8 32. Qe3 Bd5 33. Bh3 Rc2 34. Bxg4 fxg4 35. Bc1 Nd4 36. h4 Rxc1+ 37. Qxc1 Ne2+ 0-1

[Event "Titled Tuesday intern op 01st Apr Early"]
[Site "Chess.com INT"]
[Date "2025.04.01"]
[Round "10"]
[White "Murzin, Volodar"]
[Black "Kazakouski, Valery"]
[Result "1-0"]
[WhiteElo "2658"]
[BlackElo "2551"]
[PlyCount "121"]
[EventDate "2025.04.01"]
[EventType "swiss (blitz)"]
[EventRounds "11"]
[EventCountry "USA"]
[SourceTitle "CB15_2025"]
[SourceDate "2025.04.09"]
[SourceVersion "1"]
[SourceVersionDate "2025.04.09"]
[SourceQuality "1"]

1. Nf3 d5 2. d3 Nc6 3. Nbd2 e5 4. g3 Nf6 5. e4 dxe4 6. dxe4 Bc5 7. Bg2 a5 8. 0-0 0-0 9. h3 b6 10. c3 Ba6 11. Re1 Qd6 12. Bf1 Bxf1 13. Kxf1 Rfd8 14. a4 Qe6 15. Kg2 Rd7 16. Qb3 Qe8 17. Qc4 Rd6 18. Nb3 Nd7 19. Nxc5 Nxc5 20. Be3 Nd3 21. Re2 Rad8 22. Rd2 Qe6 23. Qxe6 Rxe6 24. Rc2 Red6 25. Nd2 f6 26. Nc4 R6d7 27. Kf1 Kf7 28. Ke2 Ke6 29. Rd2 h5 30. Rad1 Nc5 31. Bxc5 bxc5 32. Rxd7 Rxd7 33. Rg1 Rd8 34. h4 Kf7 35. f3 Ke6 36. Rh1 Kf7 37. Ne3 Ne7 38. Rc1 Ke6 39. Rc2 g6 40. g4 Rd7 41. Rc1 Rd8 42. Rg1 Kf7 43. g5 f5 44. Nc4 Nc6 45. exf5 gxf5 46. Ke3 Kg6 47. Ke2 Kf7 48. Rd1 Rxd1 49. Kxd1 Ke6 50. Ke2 Kd5 51. b3 Ke6 52. Kd3 Kd5 53. Ne3+ Ke6 54. Kc4 Ne7 55. Kxc5 f4 56. Ng2 Ng6 57. b4 e4 58. fxe4 f3 59. Ne3 Nxh4 60. bxa5 Ng2 61. Nf1 1-0

[Event "Titled Tuesday intern op 01st Apr Early"]
[Site "Chess.com INT"]
[Date "2025.04.01"]
[Round "5"]
[White "Murzin, Volodar"]
[Black "Piliposyan, Robert"]
[Result "1-0"]
[WhiteElo "2658"]
[BlackElo "2409"]
[PlyCount "75"]
[EventDate "2025.04.01"]
[EventType "swiss (blitz)"]
[EventRounds "11"]
[EventCountry "USA"]
[SourceTitle "CB15_2025"]
[SourceDate "2025.04.09"]
[SourceVersion "1"]
[SourceVersionDate "2025.04.09"]
[SourceQuality "1"]

1. e4 e5 2. Nf3 Nc6 3. Bb5 a6 4. Ba4 Nf6 5. d3 d6 6. 0-0 g6 7. Re1 Bg7 8. c3 0-0 9. Nbd2 Re8 10. Nf1 Bd7 11. Ng3 h6 12. h3 b5 13. Bc2 d5 14. Be3 Be6 15. Qc1 Kh7 16. a4 Qd7 17. b4 Ng8 18. Bc5 f5 19. exf5 gxf5 20. axb5 axb5 21. Rxa8 Rxa8 22. Nh4 Bf6 23. Nf3 Nge7 24. Nh5 Bh8 25. Nxe5 Nxe5 26. d4 N5g6 27. Bxe7 Nxe7 28. Qe3 Ra6 29. Nf4 Ra2 30. Nxe6 Qc8 31. Qd3 Bf6 32. Nf4 Qg8 33. Rxe7+ Bxe7 34. Qxf5+ Kh8 35. Ng6+ Kg7 36. Nxe7 Qe8 37. Qe5+ Kf8 38. Ng6+ 1-0